Guess the Lyrics #35 - Statistics

General Stats
  • This quiz has been taken 3,376 times
  • The average score is 101 of 281
Answer Stats
Lyrics % Correct
a
95%
the
90%
you
90%
You
90%
be
75%
to
72%
When
69%
and
68%
And
68%
In
68%
in
68%
on
67%
On
67%
It
64%
it,
64%
it
64%
Is
63%
your
62%
She
61%
no
57%
her
55%
can
54%
of
54%
what
52%
real-time
51%
for
50%
They
48%
time
47%
will
46%
If
44%
that
44%
like
41%
see
39%
by
38%
one
37%
all
35%
can't
35%
night
35%
life
34%
could
33%
girl
33%
It's
33%
at
32%
Just
31%
but
30%
never
30%
Never
30%
hard-won
29%
say
29%
heart
28%
has
27%
with
27%
Ooh,
23%
Ooh
23%
or
23%
world,
23%
oh
22%
come
20%
dance
20%
she's
20%
She's
20%
always
17%
beat
17%
light
17%
before
16%
ice-blue
14%
town
14%
cold
13%
fight
13%
into
13%
floor
12%
dancing
11%
there's
11%
There's
11%
fire
10%
head
10%
sees
10%
crazy
9%
danced
9%
maniac,
9%
maniac
9%
Maniac,
9%
hold
8%
Lookin'
8%
moment
8%
place
8%
wind
8%
door
7%
Saturday
7%
Touch
7%
most
6%
pass
6%
work
6%
cut
5%
knife
5%
between
4%
chance
4%
heat
4%
line
4%
steel
4%
becomes
3%
dancer
3%
danger
3%
Maniac - Michael Sembello
3%
against
2%
Changing
2%
gift
2%
Locking
2%
movement
2%
mystery
2%
push-shove
2%
rhythms
2%
wire
2%
zone
2%
hunger
1%
insanity
1%
kinetic
1%
stays
1%
stopping
1%
stretching
1%
Struggling,
1%
peak
0%
No matching quizzes found
Score Distribution
Percent of People with Each Score
Percentile by Number Answered
Your Score History
You have not taken this quiz